| Tag |
First Indicator |
Second Indicator |
Subfields |
| LEADER |
00000cam a2200000 a 4500 |
| 001 |
in00000071890 |
| 005 |
20151008062439.0 |
| 008 |
791121s1979 vau 00010 eng d |
| 010 |
|
|
|a 79054923
|
| 035 |
|
|
|a (OCoLC)05722668
|
| 035 |
|
|
|9 AAK0243AM
|
| 040 |
|
|
|a SFU
|c SFU
|d TXA
|d UtOrBLW
|
| 049 |
|
|
|a TXAM
|c [1406915]
|
| 090 |
|
|
|a LB2806
|b .A565
|
| 110 |
2 |
|
|a American Association of School Administrators.
|b Committee for the Advancement of School Administration.
|
| 245 |
1 |
0 |
|a Guidelines for the preparation of school administrators /
|c prepared for the AASA Committee for the Advancement of School Administration (CASA) [by members of the Committee ; final editing and production, Gary Marx].
|
| 264 |
|
1 |
|a Arlington, Va. :
|b American Association of School Administrators,
|c [1979]
|
| 264 |
|
4 |
|c ©1979
|
| 300 |
|
|
|a 12 pages ;
|c 22 cm.
|
| 336 |
|
|
|a text
|b txt
|2 rdacontent
|
| 337 |
|
|
|a unmediated
|b n
|2 rdamedia
|
| 338 |
|
|
|a volume
|b nc
|2 rdacarrier
|
| 490 |
1 |
|
|a Superintendent career development series ;
|v no. 1
|
| 650 |
|
0 |
|a School administrators
|x Training of.
|
| 650 |
|
0 |
|a School principals
|x Training of.
|
| 650 |
|
0 |
|a School superintendents
|x Training of.
|
| 700 |
1 |
|
|a Marx, Gary.
|
| 830 |
|
0 |
|a Superintendent career development series ;
|v no. 1.
|
| 999 |
|
|
|a MARS
|
| 999 |
f |
f |
|s cdcc1349-8ff2-3a6a-812b-c704acabb5e3
|i 547c6eac-e338-3418-9d56-d5c9785bf1e3
|t 0
|
| 952 |
f |
f |
|p normal
|a Texas A&M University
|b College Station
|c Sterling C. Evans Library
|d Evans: Library Stacks
|t 0
|e LB2806 .A565
|h Library of Congress classification
|i unmediated -- volume
|m A14806162116
|
| 998 |
f |
f |
|a LB2806 .A565
|t 0
|l Evans: Library Stacks
|